Statistics for Countries with a Coup D'etat in the last Decade

Click here to take the quiz!

General Stats

  • This quiz has been taken 50 times
  • The average score is 21 of 32

Answer Stats

Year(s)Answer% Correct
2013Egypt
93%
2013, 2013, 2014 2014, 2016Libya
88%
2021Myanmar
88%
2012, 2019, 2021, 2021Sudan
88%
2014, 2018Yemen
85%
2013Democratic Republic of the Congo
83%
2012, 2012, 2020, 2021, 2022Mali
83%
2013Chad
78%
2021Tunisia
78%
2016Turkey
76%
2021Guinea
73%
2014, 2022Ukraine
73%
2017Zimbabwe
73%
2013, 2020Central African Republic
71%
2012, 2022Guinea-Bissau
71%
2015, 2016, 2022, 2022Burkina Faso
68%
2015Burundi
66%
2019Ethiopia
66%
2013Benin
63%
2022Armenia
61%
2014, 2016Gambia
56%
2014Thailand
56%
2019Gabon
54%
2012Malawi
54%
2017Equatorial Guinea
51%
2012Ivory Coast
51%
2021United States
44%
2021Jordan
41%
2013Comoros
39%
2014Lesotho
39%
2017Saudi Arabia
39%
2016Montenegro
17%

Score Distribution

Percentile by Number Answered

Percent of People with Each Score

Your Score History

You have not taken this quiz